000 01164nam a2200301Ia 4500
001 dia_6154
003 CHAP
005 20251023153245.0
008 220117s1974 xx 000 0 und d
010 _a176061
040 _cCHAP
082 _a664.902 P67 1974
110 _aMéxico. Nacional Financiera
_9147598
245 _aPosibilidades de inversión en la rama industrial de preparación, conservación, empacado y enlatado de carnes /
_c Fideicomiso del Fondo de Garantía y Fomento a la Industria Mediana y Pequeña
260 _aMéxico :
_b Nacional Financiera,
_c1974
300 _a97 h.
503 _aD.
504 _aBibliografía: h. 97
650 _aCarne
_xPreservación
_919107
650 0 _aIndustria del ganado y de la carne
_xInversión
_zMéxico
_9157784
650 0 _aLivestock and meat industry
_xInvestment
_zMexico
_9157785
650 _aMeat
_xPreservation
_9150954
710 _aFideicomiso del Fondo de Garantía y Fomento a la Industria Mediana y Pequeña (México)
_9157786
901 _a664.902 P67 1974
902 _aA
905 _a5232271974 mx eimn8225223322spa16
942 _cLIBRO
_2ddc
999 _c176061
_d176061